Discovering calculus with Mathematica

Αποθηκεύτηκε σε:
Λεπτομέρειες βιβλιογραφικής εγγραφής
Άλλοι συγγραφείς: Braden, Bart
Μορφή: Βιβλίο
Γλώσσα:English
Δημοσίευση: New York ; Chichester : Wiley, 1992.
Θέματα:
Ετικέτες: Προσθήκη ετικέτας
Δεν υπάρχουν, Καταχωρήστε ετικέτα πρώτοι!

MARC

LEADER 00000cam a2200000 i 4500
001 1/24707
008 960718s1992 nyu| ||| |||| ||eng||
020 |a 0471539694 
035 |l 10022350 
040 |a GR-MyUa  |b gre  |e AACR2 
041 0 |a eng 
082 7 |a 515   |2 (22) 
245 0 0 |a Discovering calculus with Mathematica /   |c Bart Braden... [κ.ά.]. 
260 |a New York ;   |a Chichester :   |b Wiley,   |c 1992. 
300 |a 170 σ. :   |b εικ. ;   |c 26 εκ. 
650 0 |a Calculus. 
700 1 |a Braden, Bart. 
852 |a INST  |b CHIOS  |e 19960718  |h 515 DIS  |p 005200003981  |q 005200003981  |t BK  |y 0